UBT Library

Multiple regression and the analysis of variance and covariance / (Record no. 47081)

000 -LEADER
fixed length control field 00610cam a2200229 i 4500
001 - CONTROL NUMBER
control field 4171802
005 - DATE AND TIME OF LATEST TRANSACTION
control field 20180814043408.0
008 - FIXED-LENGTH DATA ELEMENTS--GENERAL INFORMATION
fixed length control field 790417s1979 cau b 001 0 eng
010 ## - LIBRARY OF CONGRESS CONTROL NUMBER
LC control number 79012873
020 ## - INTERNATIONAL STANDARD BOOK NUMBER
International Standard Book Number 0716710803
020 ## - INTERNATIONAL STANDARD BOOK NUMBER
International Standard Book Number 0716710811 (pbk.)
040 ## - CATALOGING SOURCE
Original cataloging agency DLC
Transcribing agency DLC
Modifying agency DLC
041 ## - LANGUAGE CODE
Language code of text/sound track or separate title eng
080 ## - UNIVERSAL DECIMAL CLASSIFICATION NUMBER
Universal Decimal Classification number 519.536
082 00 - DEWEY DECIMAL CLASSIFICATION NUMBER
Classification number 519.536
100 1# - Rafti
Rafti 55
101 ## - Shkurtesa
Shkurtesa STA
245 10 - TITLE STATEMENT
Title Multiple regression and the analysis of variance and covariance /
Statement of responsibility, etc Allen L. Edwards.
504 ## - BIBLIOGRAPHY, ETC. NOTE
Bibliography, etc Bibliography: p. [193]-194.
906 ## - LOCAL DATA ELEMENT F, LDF (RLIN)
a 7
b cbc
c orignew
d 1
e ocip
f 19
g y-gencatlg
942 ## - ADDED ENTRY ELEMENTS (KOHA)
Source of classification or shelving scheme
Item type Books
Holdings
Withdrawn status Lost status Source of classification or shelving scheme Damaged status Not for loan Collection code Permanent location Current location Shelving location Date acquired Total Checkouts Full call number Barcode Date last seen Price effective from Koha item type
          Koleksioni i përgjithshem UBT - Lipjan UBT - Lipjan Koleksioni i përgjithshem 08/14/2018   519.536 EDW 002-3010878 08/14/2018 08/14/2018 Books
UBT Library © 2015-2024. All rights reserved University Education for Business and Technology